000 00306nam a2200133Ia 4500
008 100328s9999 xx 000 0 und d
082 _b2821
100 _aPearse A.S.
245 _aAnimal Ecology
260 _bMcgraw-Hill Book
630 _aAnimal Ecology
730 _aAnimal Ecology
942 _cBOOK
999 _c499010
_d499007